Krajinný areál Skalka pri Trenčíne

Guardado en:
Detalles Bibliográficos
Autor principal: Bardún, Milan (Autor)
Otros Autores: Gécová, Katarína (Orientador)
Formato: Manuscrito Libro
Lenguaje:eslovaco
Publicado: 2015
Materias:
Acceso en línea:http://is.stuba.sk/zp/portal_zp.pl?podrobnosti=107713
https://opac.crzp.sk/?fn=detailBiblioForm&sid=D6D76FDBEB5D0472D770CCD57304
Etiquetas: Agregar Etiqueta
Sin Etiquetas, Sea el primero en etiquetar este registro!

MARC

LEADER 00000ntm a22000003a 4500
001 stuzp52425
003 SK-STU
005 20231010124928.0
007 ta
008 150427s2015----xo-----f-mn---000-0-slo-d
040 |a STU  |b slo 
041 0 |a slo 
100 1 |a Bardún, Milan  |u 010160  |4 aut  |U SvF Stavebná fakulta  |T SvF Katedra vodného hospodárstva krajiny  |X 43944  |U V160  |Y 16  |7 A000043944 
242 0 1 |a Pilgrimage site Skalka by Trencin  |y eng 
245 1 0 |a Krajinný areál Skalka pri Trenčíne 
260 |c 2015 
650 4 |a krajinny areal  |2 slo 
650 4 |a putnicke miesta  |2 slo 
650 4 |a Skalka Trencin  |2 slo 
650 4 |a outdoor recreation  |2 eng 
650 4 |a pilgrimage site  |2 eng 
650 4 |a Skalka Trencin  |2 eng 
700 1 |a Gécová, Katarína  |4 ths  |X 369  |7 A000000369 
856 4 |u http://is.stuba.sk/zp/portal_zp.pl?podrobnosti=107713 
856 4 |u https://opac.crzp.sk/?fn=detailBiblioForm&sid=D6D76FDBEB5D0472D770CCD57304 
SQL |a stuzp52425  |b DDP  |c SLO  |d Krajinný areál Skalka pri Trenčíne  |e 43944  |f Bardún, Milan  |g 010160  |h 369  |i Gécová, Katarína  |j 20150615  |k 580  |l 01  |m http://is.stuba.sk/zp/portal_zp.pl?podrobnosti=107713  |n I-KKP  |o 6.1.11. krajinárstvo